Statystyki dla Gdzie znajduje się ten pałac?

Kliknij tutaj aby rozwiązać quiz!

Ogólne statystyki

  • Ten quiz został rozwiązany 28 razy
  • Średni wynik to 4 z 15

Statystyki odpowiedzi

Odpowiedź% Poprawnych
Warszawa
88%
Moszna
64%
Pszczyna
52%
Rogalin
32%
Jabłonna
24%
Lubostroń
20%
Guzów
16%
Kopice
12%
Pławniowice
12%
Kobiór
8%
Ksawerów
8%
Wrocław
8%
Bożków
4%
Kościelec
4%
Ostromecko
4%

Rozkład punktacji

Percentyl według liczby udzielonych odpowiedzi

Procent ludzi z każdym wynikiem

Twoja historia wyników

Nie rozwiązałeś tego quizu